1401 1079 1459 1755 1403 1257 1469 1581 1345 1315 1562 1765 1512 1896 1346 1747 1433 1795 1944 1124 1473 1409 1140 1130 1666 1861 1231 1723 1123 1554 1146 1217 1127 1472 1560 1417 1978 1976 1817 1603 1550 1711 1089 1524 1051 1684 1379 1778 1913 1577 1846 1506 1821 1941 1587 1120 1007 1918 1264 1310 1520 1513 1895 1406 1540 1280 1978 1209 1267 1436 1694 1992 1387 1798 1351 1968 1101 1772 1772 1804 1161 1698 1870 1937 1056 1991 1929 1450 1892 1969 1355 1114 1416 1454 1062 1499 1340 1362 1103 BCNSPRNW ULIB Ver.6.0+V

เปลี่ยนเป็นภาษาไทย

Change to English
 แสดงรายละเอียดบรรณานุกรม
  กลับหน้าหลัก

Brief Record : Get Marc (ISO 2709) : E-mail record : QR code < ปิดหน้าต่าง
LEADER : 00000nam 2200000uu 4500
001    13399122499
003     ULIB
008    020711s|||| th a 000 0 tha d
020    9786117123092
090    นว.^bห289ส
100    หงษ์หยก
110    Green mind publishing
245    สิปาดัน...ฉันรักเธอ/^cหงษ์หยก
260    กรุงเทพฯ :^bGreen mind publishing,^cม.ป.ป.
300    376 หน้า
945    ^p249^l0^i19958
999    ^aทศพร เกษรทอง
รายการนี้ยังไม่มีแท็ก
คุณยังไม่ได้ล็อกอิน คุณสามารถมีกิจกรรมร่วมกับเว็บไซต์ได้ แต่ต้องล็อกอินก่อน ::
  ล็อกอิน

รายการสื่อสารสนเทศ

ลำดับที่ ประเภท เลขเรียก/บาร์โค้ด สถานที่ สถานะ
1. นวนิยาย
นวนิยาย
นว. ห289ส  
  Barcode: 19958
ห้องสมุดวิทยาเขตสวรรค์ประชารักษ์
►นวนิยาย
บนชั้น
  ขอยืม

รายการใกล้เคียง
    ผู้แต่ง [หงษ์หยก]

BibComment


ยังไม่เคยถูกคอมเมนท์

คอมเมนท์ทรัพยากรรายการนี้
  คอมเมนท์: สิปาดันฉันรักเธอ ..


 Copyright 2026. Bcnsprnw @Library